| 000 | 00603nam a22002057a 4500 | ||
|---|---|---|---|
| 005 | 20250609144522.0 | ||
| 010 | _aENG-145233 | ||
| 020 |
_a9788180521393 _c595.00 |
||
| 020 | _a8180521397 | ||
| 035 | _aEN-128765 | ||
| 037 | _bDBAD | ||
| 082 |
_a658.733 _21 |
||
| 100 |
_aD.K. Singh _981801 |
||
| 245 |
_aJust In Time: _hConcept And Practices/ _cD.K. Singh |
||
| 250 | _a1 | ||
| 260 |
_aNew Delhi _bAne Books _c2009 |
||
| 270 |
_a4821, Parwana Bhawan, 1st Floor, 24 Ansari Road, Daryaganj _bNew Delhi _e110002 |
||
| 300 |
_axii,150p. _c22cm(Hb) |
||
| 942 |
_2ddc _cEN _mDKS _h658.733 |
||
| 999 |
_c211672 _d211672 |
||